000 00259nam a2200109Ia 4500
008 220204s9999 xx 000 0 und d
082 _a82-3
_bGOR
100 _aGordon, Richard
245 0 _aDoctor in the nude
260 _aEngland
_bPenguin
_c1977
942 _cBK
999 _c33004
_d33004